00616 2200205 4500001002100000008004100021035002000062245006300082100001000145260004200155300002800197020002200225084001600247520005800263520003300321082001000354650002200364990001200386990001200398INLIS000000000016127 ind  a0010-0423000144 aGirl Power: Super KreatifcKaoru;Dreamerz;Editor, Febriani aKAORU aJakarta :bBhuana ilmu Populer,c2020 a154 hlm.: ilus.c22 cm. a978-623-216-857-2 a741.5 KAO g aJudul Asli:Candy Series - Savvy: Style With Substance aPengalih Bahasa, Surli Tania a741.5 aKOMIK. PENDIDIKAN a10956 a a10956 b